000 02868nam a22002537a 4500
003 BJBSDDR
005 20260515172152.0
006 a|||||r|||| 00| 0
007 ta
008 260515s20202019nyu|||||r|||| 00| 0 eng d
020 _a9780399591617
040 _bspa
_cBJBSDDR
041 _aeng
050 _bJ13s 2020
100 1 _aJackson, Laura Lynne,
_d1969-
_948484
245 1 0 _aSigns :
_bthe secret language of the universe /
_cLaura Lynne Jackson.
250 _aFirst Dial Press trade paperback edition
260 _aNew York :
_bDial Press,
_c2020
300 _axxi, 288 pages ;
_c21 cm
505 _aContenidos : Oranges Cereal in the car Teams of light I carry your heart Dragonflies and deer Buddies on the other side Hearts and playing cards Hummingbirds and light Giraffes, Eiffel Towers, and a song about cats Default signs, dreams, and intuition: tuning in to the secret language Bringing it home 1379 Ghost calls Birds of a feather Street signs Dancing candles Turtles and mermaids The connector All creatures great and small Groundhogs How to co-create your own language Camouflage, a gun, and a new assignment Babies and bears Flickering lights and sparks Bows and clovers Rainbows Tiny whispers A gift of love and forgiveness Surrender How to shine brightly Shine on
520 _aLaura Lynne Jackson is a psychic medium and the author of the New York Times bestseller The Light Between Us. She possesses an incredible gift--the ability to communicate with loved ones who have passed, convey messages of love and healing, and impart a greater understanding of our interconnectedness. Though her abilities are exceptional, they are not unique, and that is the message at the core of this book. Understanding "the secret language of the universe" is a gift available to all. As we learn to ask for and recognize signs from the other side, we will start to find meaning where before there was only confusion, we will see light in the darkness. We may decide to change paths, push toward love, pursue joy, and engage with life in a whole new way. In Signs, Jackson is able to bring the mystical into the everyday. She relates stories of people who have experienced these uncanny revelations and instances of unexplained synchronicity, as well as those drawn from her own experience. There's the producer whose lost child appears to her as a deer that approaches her unhesitatingly at a highway rest stop; the name tag of an ER nurse that lets a terrified wife know that her husband will be okay; the Elvis Presley song that arrives at the exact time of her own father's passing; and many others. This is a book that is both inspiring and practical, deeply comforting and wonderfully motivational in asking us to see beyond ourselves to a more magnificent universal design.
942 _2lcc
_n0
_cBK
946 _illh
999 _c127117
_d127117